01369nam a22002657a 450000100060000000300100000600500170001600800410003302000220007404000520009604100080014808200230015610000300017924501180020926400570032730000180038433600270040233700330042933800280046250000390049050100140052950505070054365300280105065300250107820508CO-MdFUSB20180622073205.0160901t2014 xxu||||f |||| 00| 0 eng d a978-1-4514-7011-6 aCO-MdFUSBbEspañolcCO-MdFUSBdCO-MdFUSBerda aeng 224a228.06bH249s 1 aHansen, Ryan Leifdautor 10aSilence and praise b: Rhetorical cosmology and political theology in the book of Revelationc/ Ryan Leif Hansen 4aMinneapolis, Minnesota : bFortress Press, c©2014  a184 páginas 2rdacontentatextobtxt 2rdamediaasin mediaciónbn 2rdacarrieravolumenbnc aIncluye bibliografía y índices aRústico00a"La técnica apocalíptico": ¿Cómo el apocalipsis de que hable John hace sentido - la guerra de Worldcraft: retórica cósmica de John contra el culto imperial romano - Los tres ciclos de siete como objeto de la interpretación - Silencio: la resistencia de oración y la no participación de los Santos - Alabanza: narrar el surgimiento de reinado de Dios y la nueva creación - La no participación Económico y narrar la nueva creación - Hacia una teología política apocalíptica aBiblia -- Revelación  aBible -- Revelation